汉语教程. 第二册(上) 第二册(上)

Đã lưu trong:
書目詳細資料
主要作者: 杨 寄 洲
格式: 圖書
出版: 北京语言文化大学出版社 2003
標簽: 添加標簽
沒有標簽, 成為第一個標記此記錄!
Thư viện lưu trữ: Mạng thư viện Đại học Đà Nẵng
LEADER 00829nam a2200241 a 4500
001 000041688
003 21707
005 20171030155812.0
008 171030s2003
040 |a LNN 
082 0 |a 495.1  |b YA-Z 
100 1 |a 杨 寄 洲 
245 0 0 |a 汉语教程. 第二册(上)  |c 杨 寄 洲 ; 邱军, 朱庆明 编者 ; 杜彪 翻译.  |n 第二册(上) 
260 |b 北京语言文化大学出版社  |c 2003 
OWN |a LNN 
AVA |a UDN50  |b LNN  |d 495.1 YA-Z  |e available  |t Error 5001 Not defined in file expand_doc_bib_avail.  |f 2  |g 0  |h N  |i 0  |k 1 
999 |a From the UDN01 
AVA |a UDN50  |b LNN  |d 495.1 YA-Z  |e available  |t Error 5001 Not defined in file expand_doc_bib_avail.  |f 2  |g 0  |h N  |i 0  |k 1 
TYP |a Monograph 
TYP |a Printed language 
980 |a Mạng thư viện Đại học Đà Nẵng